000 00383 a2200157 4500
001 188512
020 _a978-85-9800888-2
040 _cMagnum
100 _aSilva, André Marcos de Paula e
240 1 0 _aHistória e cultura afro-brasileiras
_lpor
245 1 0 _aHistória e cultura afro-brasileiras
300 _a224
362 0 _a2008
697 _aHISTÓRIA GERAL
942 _cBK
999 _c188512
_d188512